Homero Manzi /

Aspectos de la vida política de Homero Manzi. Su relación con Borges y Jauretche. Las letras. Sus películas. Su relación con Perón. Su muerte.

Guardado en:
Autor Corporativo: Secretaría de Cultura de la Nación.
Formato: Deslizar
Series:DNI
Materias:
Etiquetas: Agregar Etiqueta
Sin Etiquetas, Sea el primero en etiquetar este registro!
LEADER 00913ngm a22002535g 4500
001 CEM.cems022474
008 130507b2000##################0###0#####d
005 20241104172434.0
245 1 0 |a Homero Manzi /  |c Secretaría de Cultura de la Nación. 
300 |a 26'. 
490 0 |a DNI 
500 |a En soporte VHS, consultar en ventanilla. 
538 |a Soporte: VHS - Norma: Pal N - Color: Si - Grabación DRD 2000 - Hitachi=0000. 
520 |a Aspectos de la vida política de Homero Manzi. Su relación con Borges y Jauretche. Las letras. Sus películas. Su relación con Perón. Su muerte. 
110 2 |a Secretaría de Cultura de la Nación. 
082 7 8 |/ DNI 
653 |a HOMERO MANZI 
653 |a MANZI 
653 |a LITERATURA 
653 |a POESIA 
653 |a TANGO 
653 |a NIVEL PRIMARIO 
653 |a NIVEL SECUNDARIO 
859 |a CEMS  |b BIB. CEMS - Depto. Recursos Didacticos  |h 782  |i DNI  |k DRD  |p 1117.12  |t Ej.1